00567nab a2200169 uc450000100070000000500170000700800410002403500110006503500210007604000130009704100080011010000410011824500850015965000180024465000250026277301100028744774120240201131320.0990608e19970401 spa  a447741 a(OCoLC)819785040 ccomduadb aspa10aMurillo Herrera, Guillermo4auteaut10aExperiencias empresariales asociativas en colombia : Factores de exito o fracaso aAutogestión aEmpresas asociativas0 tPlaneación y Desarrollo (Bogotá)gVol. 28, No. 02, Abr.-Jun. 1997, p. 67-85w258197x0034-8686096163